000 004200000a22001690004500
003 MACL
005 20160105135458.0
008 160105b xxu||||| |||| 00| 0 eng d
040 _aMACL
_cMACL
041 _aEnglish
082 _a821HAL
100 _aHall, S C
_928047
245 _aThe Book of British Ballads
260 _bGeorge Routledge & Sons Ltd
_aLondon
650 _aPoetry
_928048
942 _cBK
_k821/HAL
_2ddc
999 _c39361
_d39361